Music Quiz

Random Music or Lyrics Quiz

This Year's Elvis #2 Quiz Stats

Quiz not verified by Sporcle

Challenge
Share
Tweet
Embed
Score 0/284 Timer 10:00
0 Plays Today
% Correct
the
97.3%
the
97.3%
the
97.3%
the
97.3%
the
97.3%
the
97.3%
the
97.3%
the
97.3%
the
97.3%
the
97.3%
the
97.3%
the
97.3%
the
97.3%
a
95.9%
a
95.9%
a
95.9%
a
95.9%
a
95.9%
To
90.4%
to
90.4%
to
90.4%
to
90.4%
to
90.4%
to
90.4%
to
90.4%
to
90.4%
to
90.4%
to
90.4%
to
90.4%
to
90.4%
to
90.4%
To
90.4%
to
90.4%
to
90.4%
to
90.4%
to
90.4%
to
90.4%
to
90.4%
I
89%
I
89%
I
89%
I
89%
I
89%
I
89%
I
89%
I
89%
I
89%
I
89%
I
89%
I
89%
He
86.3%
he
86.3%
go
86.3%
me
86.3%
go
86.3%
you
86.3%
go
86.3%
me
86.3%
go
86.3%
He
86.3%
he
86.3%
go
86.3%
me
86.3%
go
86.3%
And
84.9%
don’t
84.9%
Oh
84.9%
it
84.9%
don’t
84.9%
don’t
84.9%
don’t
84.9%
and
84.9%
don’t
84.9%
Oh
84.9%
it
84.9%
don’t
84.9%
don’t
84.9%
don’t
84.9%
And
84.9%
don’t
84.9%
Oh
84.9%
it
84.9%
don’t
84.9%
don’t
84.9%
don’t
84.9%
want
83.6%
want
83.6%
want
83.6%
want
83.6%
want
83.6%
want
83.6%
want
83.6%
want
83.6%
want
83.6%
want
83.6%
% Correct
want
83.6%
want
83.6%
your
80.8%
She
80.8%
no
80.8%
she
80.8%
no
80.8%
your
80.8%
no
80.8%
your
80.8%
your
80.8%
She
80.8%
no
80.8%
she
80.8%
no
80.8%
your
80.8%
Be
78.1%
of
75.3%
of
75.3%
Chelsea
75.3%
not
75.3%
I’ve
75.3%
Chelsea
75.3%
in
75.3%
Chelsea
75.3%
not
75.3%
I’ve
75.3%
Chelsea
75.3%
of
75.3%
of
75.3%
Chelsea
75.3%
not
75.3%
I’ve
75.3%
Chelsea
75.3%
for
74%
when
74%
for
74%
when
74%
her
71.2%
does
71.2%
seen
71.2%
does
71.2%
seen
71.2%
her
71.2%
does
71.2%
seen
71.2%
like
68.5%
Even
68.5%
nobody
68.5%
else
68.5%
is
68.5%
Even
68.5%
nobody
68.5%
else
68.5%
like
68.5%
Even
68.5%
nobody
68.5%
else
68.5%
move
67.1%
though
67.1%
move
67.1%
though
67.1%
move
67.1%
though
67.1%
all
65.8%
all
65.8%
movie
65.8%
All
65.8%
movie
65.8%
all
65.8%
all
65.8%
movie
65.8%
that
64.4%
that
64.4%
that
64.4%
that
64.4%
get
63%
get
63%
They
61.6%
check
61.6%
pulse
61.6%
girl
61.6%
check
61.6%
pulse
61.6%
They
61.6%
check
61.6%
pulse
61.6%
at
60.3%
at
60.3%
looks
58.9%
looks
58.9%
she’s
57.5%
she’s
57.5%
Elsie
56.2%
Elsie
56.2%
% Correct
kicks
54.8%
call
54.8%
kicks
54.8%
call
54.8%
Photographs
53.4%
little
53.4%
little
53.4%
year’s
53.4%
Photographs
53.4%
little
53.4%
little
53.4%
year’s
53.4%
fancy
52.1%
tricks
52.1%
sixty-six
52.1%
model
52.1%
Natasha
52.1%
fancy
52.1%
tricks
52.1%
sixty-six
52.1%
model
52.1%
Natasha
52.1%
thinks
50.7%
last
50.7%
thinks
50.7%
last
50.7%
lips
49.3%
But
49.3%
waddle
49.3%
by
49.3%
lips
49.3%
But
49.3%
waddle
49.3%
licks
47.9%
girls
47.9%
there’s
47.9%
kiss
47.9%
licks
47.9%
girls
47.9%
there’s
47.9%
nice
46.6%
he’s
45.2%
place
45.2%
he’s
45.2%
place
45.2%
flirt
43.8%
here
43.8%
play
43.8%
flirt
43.8%
here
43.8%
Now
42.5%
cuddle
41.1%
got
41.1%
cuddle
41.1%
mini-skirt
39.7%
mini-skirt
39.7%
going
38.4%
begin
38.4%
come
38.4%
very
38.4%
going
38.4%
gently
37%
herself
35.6%
new
35.6%
throat
35.6%
herself
35.6%
fix
34.2%
gave
34.2%
gave
34.2%
white
34.2%
fix
34.2%
gave
34.2%
gave
34.2%
away
32.9%
kids
32.9%
Shake
32.9%
teacher
31.5%
dressed
31.5%
Everybody's
30.1%
One's
30.1%
one's
30.1%
orders
28.8%
Men
28.8%
coats
27.4%
named
27.4%
Gus
27.4%
named
27.4%
Alfie
27.4%
Capital
24.7%
punishment
24.7%
Capital
24.7%
punishment
24.7%
screaming
23.3%
warders
21.9%

You're not logged in!

Compare scores with friends on all Sporcle quizzes.
Sign Up with Email
OR
Log In

You Might Also Like...

Show Comments

Extras

Top Quizzes Today


Score Distribution

Your Account Isn't Verified!

In order to create a playlist on Sporcle, you need to verify the email address you used during registration. Go to your Sporcle Settings to finish the process.

Report this User

Report this user for behavior that violates our Community Guidelines.

Details: